Получение никельсодержащих шпинелей методом СВС; Современные техника и технологии; Т. 2

Бібліографічні деталі
Parent link:Современные техника и технологии: 13-я Международная научно-практическая конференция студентов, аспирантов и молодых ученых, г. Томск, 26-30 марта 2007 г./ Томский политехнический университет (ТПУ).— , 2007
Т. 2.— 2007.— С. 246-248
Автор: Чапская А. Ю.
Інші автори: Верещагин В. В., Радишевская Н. И.
Мова:Російська
Опубліковано: 2007
Предмети:
Формат: MixedMaterials Частина з книги
KOHA link:https://koha.lib.tpu.ru/cgi-bin/koha/opac-detail.pl?biblionumber=221257

MARC

LEADER 00000naa2a2200000 4500
001 221257
005 20231031195626.0
035 |a (RuTPU)RU\TPU\book\241405 
090 |a 221257 
100 |a 20120908d2007 k y0rusy50 ca 
101 0 |a rus 
102 |a RU 
200 1 |a Получение никельсодержащих шпинелей методом СВС  |f А. Ю. Чапская, В. В. Верещагин, Н. И. Радишевская 
320 |a Библиогр.: 4 назв. 
461 0 |0 (RuTPU)RU\TPU\book\136926  |t Современные техника и технологии  |o 13-я Международная научно-практическая конференция студентов, аспирантов и молодых ученых, г. Томск, 26-30 марта 2007 г.  |o труды в 3 т.  |f Томский политехнический университет (ТПУ)  |d 2007 
463 0 |0 (RuTPU)RU\TPU\book\168909  |t Т. 2  |v С. 246-248  |d 2007  |p 492 с. 
610 1 |a шпинели 
610 1 |a никель 
610 1 |a высокотемпературный синтез 
610 1 |a спектры 
610 1 |a термический анализ 
610 1 |a керамические пигменты 
610 1 |a труды учёных ТПУ 
700 1 |a Чапская  |b А. Ю. 
701 1 |a Верещагин  |b В. В. 
701 1 |a Радишевская  |b Н. И. 
801 1 |a RU  |b 63413507  |c 20120908 
942 |c BK